Zisťovanie o využívaní informačných a komunikačných technológií v domácnostiach 2017

Salvato in:
Dettagli Bibliografici
Natura: Libro
Lingua:slovacco
inglese
Pubblicazione: Bratislava Štatistický úrad Slovenskej republiky 2017
Serie:Sociálne štatistiky a demografia
Soggetti:
Tags: Aggiungi Tag
Nessun Tag, puoi essere il primo ad aggiungerne!!

MARC

LEADER 00000nlm$a2200000$$$4500
001 0242810
005 20240827082945.6
020 |a 978-80-8121-571-1 
041 0 |a slo 
041 0 |a eng 
044 |a SK 
245 1 0 |a Zisťovanie o využívaní informačných a komunikačných technológií v domácnostiach 2017 
264 1 |a Bratislava  |b Štatistický úrad Slovenskej republiky  |c 2017 
300 |a 45 s. 
490 1 |a Sociálne štatistiky a demografia 
830 0 |a Sociálne štatistiky a demografia 
500 |a Zdroj dokumentu: Štatistický úrad SR 
610 2 0 |a domácnosti 
610 2 0 |a technológie informačné 
610 2 0 |a technológie komunikačné 
610 2 0 |a počítače 
610 2 0 |a internet 
610 2 0 |a kraje 
610 2 0 |a Slovensko